| 000 | 00362nam a2200121Ia 4500 | ||
|---|---|---|---|
| 005 | 20260328104257.0 | ||
| 008 | 260328s9999||||xx |||||||||||||| ||und|| | ||
| 100 | _aMunari, Bruno | ||
| 245 | 0 |
_aDiseño y Comunicación Visual : _b contribución a una metodología didactica / _cBruno Munari |
|
| 260 | _bGustavo Gili | ||
| 650 | _aDISEÑO INDUSTRIAL | ||
| 942 | _cBK | ||
| 999 |
_c10472 _d10472 |
||